Normal view
MARC view
Entry Topical Term
001 - CONTROL NUMBER
- control field: 16276
003 - CONTROL NUMBER IDENTIFIER
- control field: dpl
005 - DATE AND TIME OF LATEST TRANSACTION
- control field: 20100823134858.0
008 - FIXED-LENGTH DATA ELEMENTS
- fixed length control field: 100823|||a|||||| | ||| d
040 ## - CATALOGING SOURCE
- Original cataloging agency: dpl
- Transcribing agency: dpl
150 ## - HEADING--TOPICAL TERM
- Topical term or geographic name as entry element: short stories, hindi
670 ## - SOURCE DATA FOUND
- Source citation: Work cat.: (dpl)34601: शर्मा, ओमप्रकाश 16275, चिर चिन्तन के पथ पर निरन्तर जलते दीप /, 2009
670 ## - SOURCE DATA FOUND
- Source citation: Work cat.: (dpl)34601: शर्मा, ओमप्रकाश 16275, चिर चिन्तन के पथ पर निरन्तर जलते दीप /, 2009
